International standards for phytosanitary measures Part 2 Import regulations; Code of conduct for the import and release of exotic biological control agents

Saved in:
Bibliographic Details
Main Author: FAO
Format: Book
Language:Undetermined
Published: Rome FAO 1997
Subjects:
Tags: Add Tag
No Tags, Be the first to tag this record!
Institutions: Trung tâm Học liệu Trường Đại học Cần Thơ
LEADER 00609nam a2200193Ia 4500
001 CTU_22234
008 210402s9999 xx 000 0 und d
082 |a 632.9 
082 |b I62/P1 
100 |a FAO 
245 0 |a International standards for phytosanitary measures Part 2 
245 0 |b Import regulations; Code of conduct for the import and release of exotic biological control agents 
245 0 |c FAO 
260 |a Rome 
260 |b FAO 
260 |c 1997 
650 |a plants, protection of 
904 |i Nguyễn Quang Điền, 980407 
980 |a Trung tâm Học liệu Trường Đại học Cần Thơ